उमलताना; आणि उमलल्यानंतर. (Record no. 280139)

MARC details
000 -LEADER
fixed length control field 00672nam a2200181Ia 4500
008 - FIXED-LENGTH DATA ELEMENTS--GENERAL INFORMATION
fixed length control field 090630s9999 xx 000 0 und d
082 ## - DEWEY DECIMAL CLASSIFICATION NUMBER
Item number 28283
100 ## - MAIN ENTRY--PERSONAL NAME
Personal name स्वार राधा.
245 ## - TITLE STATEMENT
Title उमलताना; आणि उमलल्यानंतर.
Statement of responsibility, etc स्वार राधा.
260 ## - PUBLICATION, DISTRIBUTION, ETC. (IMPRINT)
Name of publisher, distributor, etc हर्ष - वसई.
Date of publication, distribution, etc 2007
300 ## - PHYSICAL DESCRIPTION
Extent 120
600 ## - SUBJECT ADDED ENTRY--PERSONAL NAME
Personal name स्वार राधा.
630 ## - SUBJECT ADDED ENTRY--UNIFORM TITLE
Uniform title उमलताना; आणि उमलल्यानंतर.
655 ## - INDEX TERM--GENRE/FORM
Genre/form data or focus term इतर.
700 ## - ADDED ENTRY--PERSONAL NAME
Personal name स्वार राधा.
730 ## - ADDED ENTRY--UNIFORM TITLE
Uniform title उमलताना; आणि उमलल्यानंतर.
942 ## - ADDED ENTRY ELEMENTS (KOHA)
Koha item type Book
Holdings
Withdrawn status Lost status Damaged status Not for loan Home library Current library Date acquired Cost, normal purchase price Total Checkouts Full call number Barcode Date last seen Cost, replacement price Price effective from Koha item type
        Sarvajanik Wachanalaya Shrivardhan Sarvajanik Wachanalaya Shrivardhan   75.00   28283 SAWASHRI-28283 06/30/2009 75.00 06/30/2009 Book